| 000 | 00598nam a22001937a 4500 | ||
|---|---|---|---|
| 005 | 20251108172238.0 | ||
| 008 | 250721s9999 xx 000 0 ara d | ||
| 082 | 1 | 4 | _a005.3/بسي |
| 100 | 1 | _aبسيوني، عبد الحميد | |
| 245 | 1 | 0 | _aمايكروسوفت إكسل 2000 / |
| 246 | 1 | 1 | _aMicrosfoft Excel 2000 |
| 264 | 1 |
_aالقاهرة : _bمكتبة إبن سينا للنشر و التوزيع، _c200. |
|
| 300 | _a352ص | ||
| 650 | 1 | 7 | _aبرامج الحاسوب |
| 650 | 1 | 7 | _aالحواسيب |
| 700 | 1 | _aشوقي، شاهين أحمد | |
| 942 |
_2ddc _cBK |
||
| 999 |
_c74124 _d74124 |
||